LEADER 02316nam 22005774a 450 001 9910830516603321 005 20230721005000.0 010 $a1-282-03428-6 010 $a9786612034282 010 $a1-4443-0063-6 010 $a1-4443-0064-4 035 $a(CKB)1000000000718595 035 $a(EBL)416540 035 $a(OCoLC)437098111 035 $a(SSID)ssj0000214449 035 $a(PQKBManifestationID)11202371 035 $a(PQKBTitleCode)TC0000214449 035 $a(PQKBWorkID)10158248 035 $a(PQKB)10629804 035 $a(MiAaPQ)EBC416540 035 $a(EXLCZ)991000000000718595 100 $a20080201d2008 uy 0 101 0 $aeng 135 $aur|n|---||||| 181 $ctxt 182 $cc 183 $acr 200 00$aOlympic textbook of medicine in sport$b[electronic resource] /$fedited by Martin P. Schwellnus 210 $aOxford, UK ;$aHoboken, NJ $cWiley-Blackwell$d2008 215 $a1 online resource (624 p.) 225 1 $aEncyclopaedia of sports medicine ;$vv. 14 300 $a"An IOC Medical Commission publication." 311 $a1-4051-5637-6 320 $aIncludes bibliographical references and index. 330 $aThis comprehensive new volume in the Encyclopaedia of Sports Medicine series, published under the auspices of the International Olympic Committee, delivers an up-to-date, state of the art presentation of the medical conditions that athletes may suffer from during training and competition. Presented in a clear style and format, The Olympic Textbook of Medicine in Sport, covers not only the basic approach to training, monitoring training and the clinical implications of excessive training, but also deals with all the major systems in the body, and focuses on medical conditions that 410 0$aEncyclopaedia of sports medicine ;$vv. 14. 606 $aSports medicine 615 0$aSports medicine. 676 $a617.1 676 $a617.1/027 676 $a617.1027 701 $aSchwellnus$b Martin$01628734 712 02$aIOC Medical Commission. 712 02$aInternational Federation of Sports Medicine. 801 0$bMiAaPQ 801 1$bMiAaPQ 801 2$bMiAaPQ 906 $aBOOK 912 $a9910830516603321 996 $aOlympic textbook of medicine in sport$93966032 997 $aUNINA